| 000 | 00586 a2200205 4500 | ||
|---|---|---|---|
| 001 | 63874 | ||
| 005 | 20260407155938.0 | ||
| 008 | 260407a1976 arg spa d | ||
| 003 | AR-UNSa-BCEJYS | ||
| 040 |
_aAR-UNSa-BCEJYS _bspa _cAR-UNSa-BCEJYS |
||
| 080 |
_a657.312 _xTipo de presupuestos |
||
| 245 | 1 | 0 |
_aPresupuestos _pEnfoque teórico - práctico |
| 264 | 1 |
_aBuenos Aires : _bEl Coloquio _c1976 |
|
| 300 |
_a148 p. _c22 cm. |
||
| 041 | _aspa | ||
| 942 | _cBK | ||
| 590 | _aniveau_biblio:m niveau_hierar:0 | ||
| 100 | 1 | _aPorolli, Jorge Horacio | |
| 700 | 1 | _aPorolli, Libertad N.F. de | |
| 999 |
_c8347 _d8347 |
||